| 000 | 01050cam a2200217 4500 | ||
|---|---|---|---|
| 001 | WB3929-20 | ||
| 008 | 030730n2003 000 0 eng u | ||
| 035 | _a(Sirsi) u123149 | ||
| 245 | _aWaste recovery and recycle targets | ||
| 260 | _c2003 | ||
| 490 |
_aDEFRA News Release _v(315/03) 29 July 2003, (3) |
||
| 520 | _aDepartment for the Environment, Food and Rural Affairs publishes proposals to set UK businesses new targets for the recovery and recycling of packaging waste. The paper suggests proposed revisions to the business recovery and recycle targets for packaging this area for the next 4 years. The proposed EU targets are 60% for overall recovery of packaging waste and 55% for overall recycling. For the Defra News Release: http://www.defra.gov.uk/news/2003/030729a.htm | ||
| 590 | _aWB | ||
| 650 | _aRECYCLING | ||
| 650 | _aWASTE RECOVERY | ||
| 650 | _aPACKAGING WASTE REGULATIONS | ||
| 650 | _aMETAL RECYCLING | ||
| 650 | _aBUSINESS RECOVERY | ||
| 690 | _aENVIRONMENTAL AND LAND CONSULTANCY-WASTE MANAGEMENT | ||
| 942 | _n0 | ||
| 999 |
_c73132 _d73132 |
||